000 00287nam a22001337a 4500
008 171019b xxu||||| |||| 00| 0 eng d
020 _a9780757564611
041 _aeng
080 _a338
100 _a53
101 _amng
245 _aEVENT MANAGEMENT
_cLAWRENCE, H
942 _2udc
_cBK
999 _c34840
_d34840